[Event "Spring op"]
[Site "Budapest"]
[Date "1996.??.??"]
[Round "5"]
[White "Bairachny, Ruslan"]
[Black "Frolov, Denis"]
[Result "1-0"]
[WhiteElo "2315"]
[BlackElo "2340"]
[PlyCount "87"]
[EventDate "1996.??.??"]
[Source "ChessBase"]

1. d4 Nf6 2. Nc3 d5 3. Bg5 Bf5 4. Bxf6 gxf6 5. e3 c6 6. Bd3 Bxd3 7. Qxd3 Nd7 8. f4 Qc7 9. Nge2 e6 10. e4 dxe4 11. Nxe4 O-O-O 12. O-O-O Nc5 13. Nxc5 Bxc5 14. Qf3 Bd6 15. Rd3 Rhe8 16. Rhd1 Kb8 17. Qe4 Rg8 18. Kb1 Rg4 19. g3 f5 20. Qf3 Be7 21. c4 Rgg8 22. Nc3 Bf6 23. Qh5 Rd6 24. d5 Bxc3 25. Rxc3 Qd7 26. Qxh7 Rd8 27. Rcd3 cxd5 28. Qg7 d4 29. h4 Qc6 30. h5 Qxc4 31. h6 Rc8 32. a3 Ka8 33. h7 Qc2+ 34. Ka2 Rb6 35. Qxd4 e5 36. Qxe5 f6 37. Qd4 Qh2 38. Rc1 Rb8 39. Rc7 Qe2 40. Rd2 Qe6+ 41. Qd5 Rxb2+ 42. Kxb2 Qb6+ 43. Ka2 Qxc7 44. Qg8 1-0

[Event "Hessen-ch"]
[Site "Hofbieber"]
[Date "1996.??.??"]
[Round "10"]
[White "Gustavsson, Cyrill"]
[Black "Zude, Arno"]
[Result "0-1"]
[WhiteElo "2210"]
[BlackElo "2440"]
[PlyCount "80"]
[EventDate "1996.??.??"]
[Source "www.chesslib.no"]
[SourceDate "2004.05.04"]

1. d4 Nf6 2. Nc3 d5 3. Bg5 Bf5 4. Bxf6 gxf6 5. e3 e6 6. Bd3 Bg6 7. h4 c5 8. dxc5 Bxd3 9. Qxd3 Bxc5 10. O-O-O Nc6 11. Nf3 Qa5 12. Nd2 Nb4 13. Qe2 Qa6 14. Qxa6 Nxa6 15. e4 Bxf2 16. exd5 f5 17. Nc4 Rd8 18. Rd2 Bg3 19. Re2 Nc7 20. Rd1 b6 21. a4 Rg8 22. d6 Na6 23. Nd5 Bxh4 24. Ndxb6 axb6 25. Nxb6 Rg4 26. c3 Nc5 27. b4 Ne4 28. d7+ Ke7 29. Nc8+ Kf8 30. Rc2 Rg3 31. a5 Nxc3 32. Rd6 Bg5+ 33. Kb2 Bf6 34. Kc1 Ne4 35. Rd1 Bg5+ 36. Kb2 Bf6+ 37. Kc1 Ra3 38. Rc7 Be5 39. Rb7 Ra2 40. Rd3 Nc3 0-1

[Event "SUI Team Ch"]
[Site "Switzerland"]
[Date "1993.??.??"]
[Round "?"]
[White "Walti, Rolf"]
[Black "Maier, Christian"]
[Result "1/2-1/2"]
[WhiteElo "2275"]
[BlackElo "2375"]
[PlyCount "50"]
[EventDate "1993.??.??"]
[Source "www.chesslib.no"]
[SourceDate "2004.05.04"]

1. d4 Nf6 2. Nc3 d5 3. Bg5 Bf5 4. Bxf6 exf6 5. e3 Qd7 6. Bd3 Bxd3 7. Qxd3 f5 8. O-O-O g6 9. Nf3 Nc6 10. Ne5 Qe6 11. Qb5 O-O-O 12. Nxc6 Qxc6 13. Qxc6 bxc6 14. Na4 Bd6 15. g3 h5 16. h4 Kd7 17. Nc5+ Bxc5 18. dxc5 Rhe8 19. Rd4 Re4 20. Rhd1 Ke6 21. R1d3 f6 22. Ra3 Ra8 23. Ra6 Kd7 24. a4 Rxd4 25. exd4 f4 1/2-1/2

[Event "Stary Smokovec"]
[Site "Stary Smokovec"]
[Date "1976.??.??"]
[Round "6"]
[White "Kozlov, V."]
[Black "Treybal, Dusan"]
[Result "1-0"]
[WhiteElo "2445"]
[BlackElo "2200"]
[PlyCount "173"]
[EventDate "1976.12.??"]
[Source "ChessBase"]

1. d4 Nf6 2. Nc3 d5 3. Bg5 Bf5 4. Bxf6 exf6 5. e3 Nc6 6. Bd3 Qd7 7. a3 Bxd3 8. cxd3 Ne7 9. Nge2 g6 10. O-O Bh6 11. b4 O-O 12. Qb3 Rad8 13. Qa4 Qxa4 14. Nxa4 Nf5 15. Rfc1 c6 16. Rc2 Rfe8 17. Nc5 Nd6 18. a4 Re7 19. Nc3 a6 20. Rb1 Ra8 21. g3 Bf8 22. b5 axb5 23. axb5 b6 24. N5a4 Nxb5 25. Nxb5 Rxa4 26. Rxc6 Re6 27. Rc8 Ra5 28. Rd8 Rc6 29. e4 dxe4 30. d5 Rc2 31. d6 Rc5 32. d7 Rd5 33. dxe4 Rd2 34. Nc3 Kg7 35. Nd5 Raxd5 36. exd5 Rxd5 37. Re1 Bc5 38. g4 Rd2 39. Rf1 Be7 40. Rb8 Rxd7 41. Rxb6 Rd4 42. h3 Bd6 43. Rc1 Bf4 44. Ra1 Rd7 45. Raa6 Bg5 46. Kg2 Bh4 47. Ra2 Rc7 48. Rb8 Rd7 49. Re8 Rb7 50. Rc8 Rd7 51. Rca8 Rb7 52. R8a7 Rb8 53. Ra8 Rb7 54. R8a7 Rb8 55. Rd7 Rc8 56. Raa7 Rf8 57. Kf3 Kg8 58. Rac7 Kg7 59. Rc2 Re8 60. Re2 Rf8 61. Ke4 Re8+ 62. Kd3 Ra8 63. Kc4 Rc8+ 64. Kb5 Rb8+ 65. Kc6 Ra8 66. Kb7 Rf8 67. Rc2 Kh6 68. f4 Bg3 69. Rd4 Re8 70. Rc7 Kg7 71. Rdd7 Rf8 72. Rc4 Re8 73. Rd3 Re7+ 74. Kc8 Bh4 75. Rc7 Re4 76. Rdd7 Re8+ 77. Kb7 Rf8 78. Rc8 Rxc8 79. Kxc8 Bg3 80. f5 h5 81. Kd8 gxf5 82. gxf5 Kh6 83. Rxf7 Kg5 84. Rg7+ Kh4 85. Ke7 Be5 86. Ke6 Kxh3 87. Kd5 1-0

[Event "Glyfada"]
[Site "Glyfada"]
[Date "1995.??.??"]
[Round "?"]
[White "Anagnostopoulos, Dimitri"]
[Black "Papastavropoulos, Andreas"]
[Result "1-0"]
[WhiteElo "2445"]
[BlackElo "2195"]
[PlyCount "143"]
[EventDate "1995.??.??"]
[Source "www.chesslib.no"]
[SourceDate "2004.05.04"]

1. d4 Nf6 2. Nc3 d5 3. Bg5 Bf5 4. Bxf6 exf6 5. e3 c6 6. Bd3 Bg6 7. Nge2 Nd7 8. h4 Bd6 9. h5 Bxd3 10. Qxd3 b5 11. g3 Nb6 12. Kf1 b4 13. Nb1 a5 14. Nd2 Qd7 15. Kg2 O-O 16. c4 bxc3 17. Nxc3 Rfe8 18. Rac1 Re7 19. Ne2 Bb4 20. Rc2 Bxd2 21. Qxd2 Nc4 22. Qd3 Rae8 23. Nf4 Nxe3+ 24. fxe3 Rxe3 25. Qd1 Qf5 26. Rf1 g5 27. hxg6 hxg6 28. Rcf2 Qe4+ 29. Rf3 Kf8 30. Kg1 f5 31. Ng2 Re2 32. R1f2 Rxf2 33. Kxf2 Rb8 34. b3 Rb4 35. Rf4 Qe6 36. Ne3 Rb8 37. Qd2 Re8 38. Nf1 Kg7 39. Rh4 Qe7 40. Qe3 Qxe3+ 41. Nxe3 Kf6 42. Kf3 Rb8 43. Rh1 Ke6 44. Rc1 Kd6 45. Rc3 a4 46. bxa4 Ra8 47. a3 Rxa4 48. Nc2 Ra8 49. Nb4 Rc8 50. Rc5 Rc7 51. a4 g5 52. a5 Kd7 53. a6 f6 54. Ra5 Ra7 55. Nd3 Kc8 56. Nc5 Kb8 57. Ra1 Rh7 58. Re1 Ka7 59. Re6 f4 60. gxf4 gxf4 61. Rxf6 Kb6 62. Kxf4 Rh4+ 63. Ke5 Rh5+ 64. Kd6 Rh4 65. Rf7 Rh6+ 66. Ke5 Rh5+ 67. Kf6 Rh8 68. Rb7+ Ka5 69. a7 Rh6+ 70. Ke5 Rh5+ 71. Kd6 Rh8 72. Ne6 1-0

[Event "It (cat.2)"]
[Site "Marianske Lazne (Czech Republ"]
[Date "2007.01.25"]
[Round "9"]
[White "Stross Frantisek (CZE)"]
[Black "Babula Milan (CZE)"]
[Result "1/2-1/2"]
[WhiteElo "2317"]
[BlackElo "2318"]
[PlyCount "77"]
[EventDate "2007.??.??"]
[Source "www.chesslib.no"]
[SourceDate "2004.05.04"]

1. d4 Nf6 2. Nc3 d5 3. Bg5 Bf5 4. Bxf6 gxf6 5. e3 c6 6. Bd3 Bg6 7. f4 Bxd3 8. Qxd3 e6 9. O-O-O f5 10. Nf3 Nd7 11. Ne2 Qc7 12. c4 dxc4 13. Qxc4 Nb6 14. Qd3 O-O-O 15. Kb1 Kb8 16. Rc1 Bd6 17. Nc3 Qe7 18. Qe2 Nd5 19. Nxd5 cxd5 20. Rc2 Rc8 21. Rhc1 f6 22. h3 Qd7 23. g4 Rxc2 24. Qxc2 fxg4 25. hxg4 Rc8 26. Qxc8+ Qxc8 27. Rxc8+ Kxc8 28. Kc2 Kd7 29. Kd3 Ke8 30. Nh4 Kf7 31. b3 Ba3 32. e4 Bc1 33. f5 Bg5 34. fxe6+ Kxe6 35. Nf5 a6 36. Ng7+ Kf7 37. Nf5 Ke6 38. Ng7+ Kf7 39. Nf5 1/2-1/2

[Event "Moscow op2"]
[Site "Moscow RUS"]
[Date "1995.??.??"]
[Round "4"]
[White "Kravtsov, Sergey"]
[Black "Kolobov, Yury"]
[Result "1-0"]
[WhiteElo "2265"]
[BlackElo "2365"]
[PlyCount "61"]
[EventDate "1995.11.??"]
[Source "www.chesslib.no"]
[SourceDate "2004.05.04"]

1. d4 d5 2. Nc3 Nf6 3. Bg5 Bf5 4. Bxf6 exf6 5. e3 Bb4 6. Bd3 Qd7 7. Nge2 Nc6 8. O-O O-O 9. Bxf5 Qxf5 10. Ng3 Qe6 11. Nce2 Bd6 12. c3 Ne7 13. Qd3 f5 14. b3 c6 15. c4 g6 16. c5 Bc7 17. b4 h5 18. Rfe1 h4 19. Nf1 Kg7 20. a4 Rg8 21. b5 Rgf8 22. Reb1 Rfe8 23. b6 axb6 24. cxb6 Bd6 25. a5 Ra6 26. Nd2 Rea8 27. Nb3 Bb4 28. Ra4 Rxb6 29. Nc3 Bxc3 30. axb6 Rxa4 31. Nc5 1-0

[Event "MK Cafe Cup-B"]
[Site "Koszalin"]
[Date "1999.08.04"]
[Round "2"]
[White "Tobak, Andrey"]
[Black "Kowalak, Piotr"]
[Result "1-0"]
[WhiteElo "2421"]
[BlackElo "2209"]
[PlyCount "73"]
[EventDate "1999.08.03"]
[Source "www.chesslib.no"]
[SourceDate "2004.05.04"]

1. d4 d5 2. Nc3 Nf6 3. Bg5 Bf5 4. Bxf6 gxf6 5. e3 e6 6. Bd3 Bg6 7. h4 c6 8. h5 Bxd3 9. Qxd3 f5 10. Nge2 Nd7 11. f3 Nf6 12. O-O-O Qa5 13. Kb1 O-O-O 14. Nf4 Bd6 15. Nce2 h6 16. c4 dxc4 17. Qxc4 Rhg8 18. Nxe6 fxe6 19. Qxe6+ Rd7 20. Qxf6 Rxg2 21. Nc1 Ba3 22. bxa3 Qb5+ 23. Nb3 Qc4 24. Qf8+ Kc7 25. Qc5 Qe6 26. Qe5+ Rd6 27. Qxe6 Rxe6 28. Rde1 Rg3 29. Nd2 Rg2 30. Nc4 Re7 31. Reg1 Reg7 32. Rxg2 Rxg2 33. Ne5 Re2 34. Nf7 Rxe3 35. Nxh6 Rxf3 36. Nf7 Rf1+ 37. Rxf1 1-0

[Event "Oberliga Nord N 9596"]
[Site "GER"]
[Date "1996.??.??"]
[Round "?"]
[White "Heyken, Enno"]
[Black "Leiser, Sven"]
[Result "1/2-1/2"]
[WhiteElo "2340"]
[BlackElo "2280"]
[PlyCount "62"]
[EventDate "1995.10.??"]
[Source "www.chesslib.no"]
[SourceDate "2004.05.04"]

1. d4 d5 2. Nc3 Nf6 3. Bg5 Bf5 4. Bxf6 exf6 5. e3 c6 6. Bd3 Bg6 7. Nf3 Bd6 8. O-O O-O 9. Re1 Nd7 10. Bxg6 hxg6 11. e4 Bb4 12. exd5 Bxc3 13. bxc3 cxd5 14. Qb1 Nb6 15. a4 Qc7 16. a5 Nc4 17. Qb5 Rfd8 18. a6 bxa6 19. Rxa6 Rab8 20. Qc5 Qf4 21. Rxa7 Nd2 22. Nxd2 Qxd2 23. Qe7 Rf8 24. Rd7 Kh7 25. g3 Qxc2 26. Rxd5 Rb2 27. Rf1 Ra8 28. Qxf7 Ra1 29. Rh5+ gxh5 30. Qxh5+ Kg8 31. Qe8+ Kh7 1/2-1/2

[Event "Olomouc Valoz Cup"]
[Site "Olomouc"]
[Date "2000.08.05"]
[Round "5"]
[White "Voloshin, Leonid"]
[Black "Nyback, Tomi"]
[Result "1-0"]
[WhiteElo "2455"]
[BlackElo "2162"]
[PlyCount "99"]
[EventDate "2000.08.02"]
[Source "ChessBase"]
[SourceDate "2000.09.14"]

1. d4 Nf6 2. Nc3 d5 3. Bg5 Bf5 4. Bxf6 exf6 5. e3 c6 6. Bd3 Bg6 7. h4 Qb6 8. Rb1 Bxd3 9. Qxd3 Qa6 10. e4 Qxd3 11. cxd3 Na6 12. a3 O-O-O 13. Nge2 Nc7 14. Rd1 Ne6 15. f4 Bd6 16. f5 Nf4 17. Nxf4 Bxf4 18. Kf2 Bc7 19. Na4 g6 20. fxg6 fxg6 21. Nc5 Rhe8 22. Kf3 b6 23. Na6 dxe4+ 24. dxe4 f5 25. e5 c5 26. Nxc7 Kxc7 27. dxc5 Rxd1 28. Rxd1 Rxe5 29. cxb6+ axb6 30. Rd4 Re1 31. Rc4+ Kd7 32. Ra4 Rb1 33. Ra7+ Kc6 34. Rxh7 Rxb2 35. Rh6 Rb3+ 36. Kf4 Rxa3 37. Rxg6+ Kc5 38. Kxf5 b5 39. Rg8 b4 40. g4 Ra5 41. Rd8 b3 42. Rd1 b2 43. Rb1 Kd4+ 44. Kf4 Rb5 45. h5 Kd5 46. h6 Ke6 47. h7 Rb8 48. Rxb2 Rh8 49. Kg5 Rxh7 50. Kg6 1-0

[Event "FIN Ch"]
[Site "Espoo"]
[Date "1984.??.??"]
[Round "?"]
[White "Hurme, Harri M"]
[Black "Havansi, Erkki ET"]
[Result "1/2-1/2"]
[WhiteElo "2350"]
[BlackElo "2265"]
[PlyCount "120"]
[EventDate "1984.??.??"]
[Source "www.chesslib.no"]
[SourceDate "2004.05.04"]

1. d4 Nf6 2. Nc3 d5 3. Bg5 Bf5 4. Bxf6 exf6 5. e3 c6 6. Bd3 Bxd3 7. Qxd3 Na6 8. a3 Be7 9. Nge2 O-O 10. O-O-O Qa5 11. g4 b5 12. Na2 b4 13. Nxb4 Nxb4 14. axb4 Qxb4 15. c3 Qb6 16. Qc2 Rfb8 17. b4 a5 18. bxa5 Rxa5 19. Kd2 Rb5 20. Ke1 Rb2 21. Qd3 Qb3 22. Rg1 Qa2 23. Nc1 Qa4 24. Rd2 Qa1 25. Rd1 Qa4 26. Kf1 Rc2 27. Kg2 Rbb2 28. Rgf1 Qa5 29. Qf5 Rxc3 30. Nd3 Rb8 31. Rb1 Qc7 32. Rxb8+ Qxb8 33. Nf4 g6 34. Qd7 Bd6 35. Ra1 Bxf4 36. Ra7 Qf8 37. exf4 Ra3 38. Rc7 Ra8 39. Qxc6 Qe8 40. Qxd5 Rd8 41. Qc4 Qe6 42. f5 gxf5 43. gxf5 Qe8 44. f3 Kh8 45. Kf2 Rb8 46. Qc3 Qf8 47. f4 Qd6 48. Rc8+ Rxc8 49. Qxc8+ Kg7 50. Ke3 Qa3+ 51. Ke4 Qa2 52. Qc1 Qg2+ 53. Kd3 Qxh2 54. d5 Qh3+ 55. Ke4 Qg2+ 56. Kd4 Qf2+ 57. Kc4 Qa2+ 58. Kc5 Qa5+ 59. Kd4 Qb4+ 60. Ke3 Qb3+ 1/2-1/2

[Event "It Open"]
[Site "St. Ingbert GER"]
[Date "1987.??.??"]
[Round "2"]
[White "Legky, Nikolay A"]
[Black "Sprotte, Norbert"]
[Result "1/2-1/2"]
[WhiteElo "2350"]
[BlackElo "2265"]
[PlyCount "54"]
[EventDate "1987.??.??"]
[Source "www.chesslib.no"]
[SourceDate "2004.05.04"]

1. d4 Nf6 2. Nc3 d5 3. Bg5 Bf5 4. Bxf6 gxf6 5. e3 c6 6. Nge2 Qd6 7. Ng3 Bg6 8. h4 h6 9. h5 Bh7 10. Bd3 Bxd3 11. Qxd3 e6 12. e4 Bg7 13. O-O Nd7 14. exd5 cxd5 15. Nf5 exf5 16. Rfe1+ Kd8 17. Qxf5 Nb6 18. a4 Qd7 19. Qf4 Re8 20. Nb5 Re6 21. Re3 a6 22. Rg3 axb5 23. Rxg7 f5 24. Rg8+ Ke7 25. Qh4+ Kd6 26. Qf4+ Ke7 27. Qh4+ Kd6 1/2-1/2

[Event "Independence Cup op"]
[Site "Kiev"]
[Date "1998.??.??"]
[Round "1"]
[White "Vinitsky, Igor"]
[Black "Gerasimchuk, Oleg"]
[Result "1-0"]
[WhiteElo "2245"]
[BlackElo "2370"]
[PlyCount "77"]
[EventDate "1998.??.??"]
[Source "www.chesslib.no"]
[SourceDate "2004.05.04"]

1. d4 Nf6 2. Nc3 d5 3. Bg5 Bf5 4. Bxf6 gxf6 5. e3 c6 6. Bd3 Bxd3 7. Qxd3 Nd7 8. Nf3 e6 9. e4 Qa5 10. O-O O-O-O 11. a3 dxe4 12. Qxe4 Qh5 13. Ne2 f5 14. Qe3 Bh6 15. Qb3 Rhg8 16. c4 e5 17. Ng3 Qg4 18. h3 Qg7 19. Nh4 Qf6 20. Nhxf5 Bf8 21. dxe5 Nxe5 22. Rad1 Bc5 23. Qc2 Kb8 24. b4 Bb6 25. c5 Bc7 26. a4 Ng6 27. b5 Nf4 28. Qe4 Rde8 29. Qf3 Rg5 30. Nd4 Rd8 31. Ne4 Qe5 32. Nxc6+ bxc6 33. Rxd8+ Bxd8 34. Nxg5 Qxg5 35. bxc6 Kc8 36. Re1 h5 37. Re4 Ne6 38. Qxf7 Nxc5 39. Re8 1-0

[Event "Batalha dos Mestres 3rd"]
[Site "?"]
[Date "2002.10.16"]
[Round "4.2"]
[White "Perez Rodney"]
[Black "Luyks Marinus"]
[Result "1-0"]
[WhiteElo "2428"]
[BlackElo "2184"]
[PlyCount "85"]
[EventDate "2002.??.??"]
[Source "www.chesslib.no"]
[SourceDate "2004.05.04"]

1. d4 Nf6 2. Nc3 d5 3. Bg5 Bf5 4. Bxf6 exf6 5. e3 Bb4 6. Bd3 Bxc3+ 7. bxc3 Qd7 8. Rb1 Bxd3 9. cxd3 b6 10. Ne2 Nc6 11. Qb3 Na5 12. Qb4 Nb7 13. O-O Qd6 14. Qa4+ Qd7 15. Qa3 Qd6 16. Qa6 Na5 17. c4 dxc4 18. dxc4 O-O 19. c5 Qd5 20. Nc3 Qc4 21. Qxc4 Nxc4 22. Rfc1 Nd2 23. Rb2 Nc4 24. Rb4 Na5 25. Nd5 Rfd8 26. Nxc7 Rac8 27. cxb6 axb6 28. Rxb6 Rd7 29. Rb5 g6 30. Rxa5 Rdxc7 31. Rxc7 Rxc7 32. g3 Rc1+ 33. Kg2 f5 34. a4 Ra1 35. h3 h5 36. Ra8+ Kg7 37. a5 Kf6 38. a6 Ra2 39. h4 Ra3 40. Kf3 Ra2 41. d5 Ra5 42. d6 Ke6 43. a7 1-0

[Event "Dresden Open"]
[Site "Dresden GER"]
[Date "1992.??.??"]
[Round "?"]
[White "Juergens, Peter"]
[Black "Dobrovolsky, Ladislav"]
[Result "0-1"]
[WhiteElo "2225"]
[BlackElo "2380"]
[PlyCount "42"]
[EventDate "1992.??.??"]
[Source "www.chesslib.no"]
[SourceDate "2004.05.04"]

1. d4 d5 2. Nc3 Nf6 3. Bg5 Bf5 4. Bxf6 exf6 5. e3 c6 6. Bd3 Be6 7. Qf3 Qd7 8. h3 f5 9. Nge2 Bd6 10. Nf4 g6 11. O-O O-O 12. Nce2 Qe7 13. Rfc1 Nd7 14. c4 Nf6 15. cxd5 Bxd5 16. Nxd5 Nxd5 17. Nc3 Nf6 18. a3 Rfe8 19. Bf1 Rad8 20. Rd1 Ne4 21. Ne2 Ng5 0-1

[Event "Mayors Cup Open"]
[Site "Mumbai IND"]
[Date "2008.05.16"]
[Round "8"]
[White "Saptarshi, R."]
[Black "Nadig, K."]
[Result "1-0"]
[WhiteElo "2387"]
[BlackElo "2213"]
[PlyCount "159"]
[EventDate "2008.05.11"]
[Source "www.chesslib.no"]
[SourceDate "2004.05.04"]

1. d4 d5 2. Nc3 Nf6 3. Bg5 Bf5 4. Bxf6 exf6 5. e4 dxe4 6. Qe2 a6 7. g4 Bd7 8. O-O-O f5 9. gxf5 Bxf5 10. Nxe4 Be7 11. Ng3 Bc8 12. Nf3 O-O 13. Ne5 Nd7 14. f4 Nf6 15. Rg1 Ne8 16. Nh5 g6 17. Qe4 Nf6 18. Nxf6+ Bxf6 19. Bc4 Bxe5 20. fxe5 Kh8 21. d5 Bf5 22. Qd4 f6 23. d6 fxe5 24. Qxe5+ Qf6 25. Qxf6+ Rxf6 26. dxc7 Rc8 27. Rd8+ Kg7 28. Rxc8 Bxc8 29. Re1 Kf8 30. Rd1 Ke7 31. Rd4 Rc6 32. Rh4 h5 33. Re4+ Kd6 34. Bd3 Rxc7 35. Re8 Bf5 36. Bxf5 gxf5 37. Rh8 Ke5 38. Kd2 Kf4 39. Rxh5 Rc5 40. b4 Rd5+ 41. Ke2 Re5+ 42. Kf2 Rd5 43. Rh4+ Kg5 44. Rc4 Rd2+ 45. Kg3 f4+ 46. Rxf4 Rxc2 47. h4+ Kg6 48. a4 b6 49. Rd4 Rc6 50. b5 Rc3+ 51. Kg4 a5 52. h5+ Kh6 53. Rd6+ Kg7 54. h6+ Kh7 55. Rxb6 Rc4+ 56. Kf5 Rxa4 57. Ke5 Rh4 58. Kd5 Rh5+ 59. Kc4 Rh4+ 60. Kb3 Rb4+ 61. Ka3 Kg8 62. Rb7 Rb1 63. Ka4 Ra1+ 64. Kb3 a4+ 65. Kb4 a3 66. b6 a2 67. Ka3 Rh1 68. Kxa2 Rxh6 69. Kb3 Kf8 70. Kb4 Ke8 71. Kb5 Kd8 72. Rc7 Rh1 73. Kc6 Rc1+ 74. Kb7 Rb1 75. Rc2 Kd7 76. Rd2+ Ke8 77. Kc7 Rc1+ 78. Kb8 Rb1 79. b7 Ke7 80. Ra2 1-0

[Event "Tournament"]
[Site "?"]
[Date "2002.??.??"]
[Round "2"]
[White "Dmitriev Igor"]
[Black "Barbitskij Aleksey"]
[Result "1-0"]
[WhiteElo "2368"]
[BlackElo "2230"]
[PlyCount "75"]
[EventDate "2002.??.??"]
[Source "www.chesslib.no"]
[SourceDate "2004.05.04"]

1. d4 Nf6 2. Nc3 d5 3. Bg5 Bf5 4. Bxf6 exf6 5. e3 c6 6. Bd3 Bxd3 7. Qxd3 Bd6 8. e4 dxe4 9. Qxe4+ Qe7 10. O-O-O Qxe4 11. Nxe4 Bf4+ 12. Kb1 Na6 13. Ne2 Bc7 14. d5 cxd5 15. Rxd5 O-O 16. Rhd1 Rae8 17. N2c3 Re5 18. Rd7 Rfe8 19. a3 h6 20. Nd6 Bxd6 21. R1xd6 Nc5 22. Rc7 R8e7 23. Rd8+ Kh7 24. Rxe7 Rxe7 25. b4 Nd7 26. Kb2 Nb6 27. Kb3 a6 28. a4 Rc7 29. a5 Nc4 30. Na4 Ne5 31. Nb6 Nc6 32. Rd7 Rxd7 33. Nxd7 Kg6 34. Nc5 Nd8 35. Kc4 Kf5 36. Kd5 Nc6 37. c3 Nd8 38. Kd6 1-0

[Event "Budapest HUN"]
[Site "?"]
[Date "2006.04.13"]
[Round "13"]
[White "Sebestyen Balazs"]
[Black "Mamut Igor"]
[Result "1/2-1/2"]
[WhiteElo "2317"]
[BlackElo "2276"]
[PlyCount "33"]
[EventDate "2006.??.??"]
[Source "www.chesslib.no"]
[SourceDate "2004.05.04"]

1. d4 Nf6 2. Nc3 d5 3. Bg5 Bf5 4. Bxf6 exf6 5. e3 c6 6. Bd3 Bxd3 7. Qxd3 Bb4 8. Nge2 O-O 9. a3 Bxc3+ 10. Nxc3 Nd7 11. O-O Re8 12. e4 dxe4 13. Nxe4 Nf8 14. Rad1 Qd5 15. Ng3 Rad8 16. Qf5 Re6 17. c3 1/2-1/2

[Event "BL2-S 9293"]
[Site "GER"]
[Date "1993.??.??"]
[Round "?"]
[White "Dittmar, Peter"]
[Black "Weis, Ruediger"]
[Result "0-1"]
[WhiteElo "2290"]
[BlackElo "2300"]
[PlyCount "106"]
[EventDate "1992.10.??"]
[Source "www.chesslib.no"]
[SourceDate "2004.05.04"]

1. d4 Nf6 2. Nc3 d5 3. Bg5 Bf5 4. Bxf6 gxf6 5. e3 c6 6. Nge2 Qb6 7. Rb1 Nd7 8. Ng3 Bg6 9. h4 h6 10. h5 Bh7 11. Bd3 Bxd3 12. Qxd3 e6 13. O-O f5 14. b4 Bd6 15. Nce2 Qd8 16. b5 Nb6 17. bxc6 bxc6 18. Nf4 O-O 19. Nge2 Qc7 20. Kh1 Rac8 21. Rg1 Qe7 22. g3 c5 23. c3 c4 24. Qc2 Rb8 25. Rg2 Kh8 26. Rgg1 Nd7 27. Rxb8 Rxb8 28. Rb1 Qd8 29. Kg2 Rxb1 30. Qxb1 Qb6 31. Qc2 Qb5 32. f3 Nf6 33. Kf2 Kg7 34. Ke1 Ba3 35. Kd2 Qb2 36. Qxb2 Bxb2 37. Ng1 Ba3 38. Ngh3 Nh7 39. e4 fxe4 40. fxe4 dxe4 41. Nf2 Nf6 42. g4 Nd5 43. Ng2 f5 44. gxf5 exf5 45. Ne3 Nxe3 46. Kxe3 Kf6 47. Nh3 Bc1+ 48. Ke2 f4 49. Nf2 Kf5 50. Kd1 Bb2 51. Kc2 Ba3 52. Kd1 e3 53. Nh3 Kg4 0-1

[Event "Nagykanizsa Open"]
[Site "Nagykanizsa"]
[Date "1993.??.??"]
[Round "6"]
[White "Bauer, Reinhard"]
[Black "Bodo, Norbert"]
[Result "1-0"]
[WhiteElo "2310"]
[BlackElo "2280"]
[PlyCount "129"]
[EventDate "1993.??.??"]
[Source "www.chesslib.no"]
[SourceDate "2004.05.04"]

1. d4 d5 2. Nc3 Nf6 3. Bg5 Bf5 4. Bxf6 gxf6 5. e3 e6 6. Bd3 Bxd3 7. Qxd3 Qd7 8. O-O-O Na6 9. e4 c6 10. f4 O-O-O 11. exd5 Nb4 12. Qf3 Nxd5 13. Nxd5 Qxd5 14. Qxd5 Rxd5 15. Nf3 Bh6 16. g3 Rhd8 17. Rhe1 b5 18. c3 Kc7 19. Kc2 Kb6 20. Nd2 Bf8 21. Ne4 Be7 22. b4 a5 23. a3 h5 24. Re2 Rg8 25. h4 Rg7 26. Rd3 Rg8 27. Rf3 Ra8 28. Nd2 f5 29. Rf1 Rg8 30. Re3 Rg7 31. Nb3 a4 32. Nc1 Rd8 33. Nd3 Bd6 34. Kd2 Rdg8 35. Rff3 Kc7 36. Ke2 Be7 37. Nf2 Bf6 38. Nh3 Kd6 39. Kd3 Kd5 40. Ng5 Bxg5 41. fxg5 Kd6 42. c4 Rb8 43. Re5 Rgg8 44. Rfe3 Rge8 45. Rc5 Rb7 46. Rxf5 Rd8 47. Rf6 Ke7 48. Ref3 Ke8 49. g6 Rbd7 50. gxf7+ Kf8 51. d5 bxc4+ 52. Kxc4 cxd5+ 53. Kd4 Re7 54. Ke5 d4 55. Rxe6 Rxe6+ 56. Kxe6 d3 57. Rf1 d2 58. Rd1 Rd3 59. b5 Re3+ 60. Kd6 Rxa3 61. Rxd2 Rb3 62. Kc6 Kxf7 63. b6 Ke6 64. b7 Kf5 65. Rd5+ 1-0

[Event "20th Belgrade Trophy"]
[Site "Belgrade SRB"]
[Date "2007.11.24"]
[Round "3"]
[White "Govedarica, R."]
[Black "Zdravkovic, D."]
[Result "1-0"]
[WhiteElo "2388"]
[BlackElo "2200"]
[PlyCount "46"]
[EventDate "2007.11.22"]
[Source "www.chesslib.no"]
[SourceDate "2004.05.04"]

1. d4 d5 2. Nc3 Nf6 3. Bg5 Bf5 4. Bxf6 exf6 5. e3 c6 6. Bd3 Bxd3 7. Qxd3 Bb4 8. Nge2 O-O 9. O-O Re8 10. e4 dxe4 11. Nxe4 f5 12. N4c3 g6 13. Rad1 Nd7 14. Qc4 Qe7 15. Qb3 Nb6 16. a3 Bd6 17. Rfe1 Rad8 18. h3 Qe6 19. d5 cxd5 20. Kf1 Bc5 21. Nf4 Qd6 22. Rxe8+ Rxe8 23. Ncxd5 Re4 1-0

[Event "Villa Ballester op 53th"]
[Site "?"]
[Date "2003.01.10"]
[Round "2"]
[White "De Dovitiis Alejo"]
[Black "Dickau Daniel"]
[Result "1-0"]
[WhiteElo "2422"]
[BlackElo "2161"]
[PlyCount "71"]
[EventDate "2003.??.??"]
[Source "www.chesslib.no"]
[SourceDate "2004.05.04"]

1. d4 d5 2. Nc3 Nf6 3. Bg5 Bf5 4. Bxf6 exf6 5. e3 Bb4 6. Nge2 Qd7 7. a3 Ba5 8. b4 Bb6 9. Nf4 c6 10. Bd3 Bc7 11. Nfe2 Qe6 12. O-O O-O 13. Qd2 Nd7 14. Rae1 Bxd3 15. cxd3 f5 16. Na4 a5 17. Nc5 Qd6 18. f4 Ra7 19. Ng3 g6 20. e4 dxe4 21. dxe4 axb4 22. axb4 Rfa8 23. exf5 Ra2 24. Qd3 Nxc5 25. bxc5 Qd5 26. Qe4 Rd2 27. f6 Qxe4 28. Rxe4 h5 29. Rf2 Ra1+ 30. Nf1 Rd3 31. Re8+ Kh7 32. Re7 Bd8 33. Rxf7+ Kh6 34. Rf8 Bxf6 35. Rxf6 Rxd4 36. f5 1-0

[Event "NRW-Liga 9798"]
[Site "Germany"]
[Date "1998.??.??"]
[Round "9.5"]
[White "Kuehn, Markus"]
[Black "Van de Mortel, Jan"]
[Result "1/2-1/2"]
[WhiteElo "2240"]
[BlackElo "2335"]
[PlyCount "136"]
[EventDate "1997.10.??"]
[Source "www.chesslib.no"]
[SourceDate "2004.05.04"]

1. d4 Nf6 2. Nc3 d5 3. Bg5 Bf5 4. Bxf6 exf6 5. e3 c6 6. Bd3 Be6 7. Qf3 Nd7 8. Nge2 Bd6 9. Nf4 Qe7 10. O-O-O f5 11. Nxe6 fxe6 12. g4 g6 13. gxf5 exf5 14. h4 O-O-O 15. Rdg1 Nf6 16. Ne2 Kb8 17. Rg2 Ka8 18. Rd1 Rhf8 19. Nf4 Rde8 20. c4 dxc4 21. Bxc4 Bxf4 22. Qxf4 Nh5 23. Qg5 Qe4 24. Be2 Ng7 25. Rgg1 f4 26. h5 fxe3 27. fxe3 Ne6 28. Qe5 Qxe5 29. dxe5 gxh5 30. Bxh5 Re7 31. Rdf1 Rxf1+ 32. Rxf1 Kb8 33. Rf7 Rxf7 34. Bxf7 Ng7 35. Bg8 h5 36. Kd2 Kc7 37. e4 Kd7 38. Ke3 Ke7 39. Kf3 Ne6 40. Kg3 Nc5 41. Kh4 Nd3 42. b3 Nxe5 43. Kxh5 Kf6 44. Kh4 Nd7 45. Kg3 Ke5 46. Kf3 Nf6 47. Bf7 Nxe4 48. Ke3 Nd6 49. Bg8 c5 50. a4 Kf6 51. Kf4 b6 52. Bd5 Ke7 53. Ke5 Kd7 54. Be6+ Kc6 55. Bd5+ Kc7 56. Be6 Nb7 57. Bd5 Na5 58. Be6 Nc6+ 59. Ke4 Nd4 60. Bc4 b5 61. axb5 Kb6 62. Kd3 Ka5 63. Kc3 Nxb5+ 64. Kb2 Kb4 65. Bf7 Nd4 66. Bc4 Nxb3 67. Bxb3 c4 68. Bxc4 Kxc4 1/2-1/2

[Event "Oberliga Wuert 9293"]
[Site "Wuerttemberg"]
[Date "1993.??.??"]
[Round "?"]
[White "Link, Ulrich"]
[Black "Kindl, Peter"]
[Result "0-1"]
[WhiteElo "2235"]
[BlackElo "2335"]
[PlyCount "116"]
[EventDate "1992.10.??"]
[Source "www.chesslib.no"]
[SourceDate "2004.05.04"]

1. d4 Nf6 2. Nc3 d5 3. Bg5 Bf5 4. Bxf6 exf6 5. e3 c6 6. Nge2 Nd7 7. g3 Bd6 8. Bg2 Qe7 9. Nf4 O-O 10. O-O Nb6 11. b3 Rfe8 12. Bh3 Bxh3 13. Nxh3 f5 14. Qd3 g6 15. Ne2 Qe4 16. Nef4 h6 17. Rae1 Bb4 18. Re2 Nd7 19. f3 Qxd3 20. Nxd3 Bc3 21. Nhf2 Bxd4 22. Nd1 Re7 23. Kg2 Rae8 24. Rfe1 Bb6 25. c3 Nf6 26. Nb4 c5 27. Nd3 d4 28. c4 Ba5 29. Rf1 Nd7 30. a3 dxe3 31. b4 cxb4 32. axb4 Bc7 33. Rfe1 f4 34. gxf4 Nf6 35. Rxe3 Rxe3 36. Rxe3 Rd8 37. N1f2 Nh5 38. Nh3 Kf8 39. Kf2 Rd4 40. Ne5 Nxf4 41. Nxf4 Rxf4 42. Nd7+ Kg7 43. Rc3 Rd4 44. Nc5 b6 45. Nd3 Bxh2 46. f4 Bxf4 47. Nxf4 Rxf4+ 48. Ke3 g5 49. c5 bxc5 50. bxc5 f5 51. c6 Re4+ 52. Kd3 Re8 53. Kd4 f4 54. Kd5 Kg6 55. Kd6 g4 56. Kd7 Rg8 57. c7 g3 58. Rc6+ Kh5 0-1